Hacia la construcción del desarrollo agropecuario y agroindustrial de la FAyA al NOA

Gespeichert in:
Bibliographische Detailangaben
Hauptverfasser: Albanesi, Ada Susana (VerfasserIn), Paz, Raúl (VerfasserIn), Sobrero, María Teresa (VerfasserIn), Rodríguez, Silvia (VerfasserIn)
Format: Buch
Sprache:Spanisch
Veröffentlicht: s.l Ediciones Magna 2013
Ausgabe:1a. ed
Schlagworte:
Tags: Tag hinzufügen
Keine Tags, Fügen Sie den ersten Tag hinzu!

MARC

LEADER 00000cam a2200000 a 4500
001 UCD9567
003 CL-VaPUC
008 170626e20130000ag |||||||||||||||||spa|d
020 |a 9789871726165 
082 0 4 |a 338.1  |b ALB  |2 21 
100 0 |a Albanesi, Ada Susana  |e author  |9 593222 
700 0 |a Paz, Raúl  |e author  |9 593223 
700 0 |a Sobrero, María Teresa  |e author  |9 593224 
700 0 |a Rodríguez, Silvia  |e author  |9 593225 
245 1 0 |a Hacia la construcción del desarrollo agropecuario y agroindustrial de la FAyA al NOA 
250 |a 1a. ed 
300 |a 336 p 
942 |c BK 
945 |d 20170626 01:10:00  |a arojas 
260 |a s.l  |b Ediciones Magna  |c 2013 
650 7 |a DESARROLLO AGRICOLA  |2 CL-VaPUC  |9 259759 
650 0 |a Producción agropecuaria  |9 411210 
650 0 |a Proyectos de desarrollo  |9 261582 
650 0 |a Agroindustrias  |9 376001 
583 |a last modification  |c 20170626 01:10:00  |k Rodrigo Vera 
999 |c 368678  |d 368676 
952 |0 0  |1 0  |3 erb  |4 0  |6 338_100000000000000_ALB_2013  |7 0  |8 A  |9 484079  |a BIBAGR  |b BIBAGR  |i 540150K  |o 338.1 ALB 2013  |p 540150K  |r 2025-01-20  |w 2019-11-24  |y BK  |z Catalogado en:20170626  |k AGR